000 00457nam a2200169Ia 4500
008 180921t2016 xxu||||| |||| 00| 0 sin d
041 _asin
080 _a72
_bDEV
100 _aDevendra D.T
245 _aබුද්ධ ප්‍රතිමාව හා ලංකාව
246 _aBuddha Prathimawa Ha Lankawa
260 _bGodage
_aColombo
_c2016
300 _b128p, 21cm
942 _cBK
999 _c1310
_d1310
003 LK-CoDNM
040 _aLK-CoDNM
_dLK-CoDNM
_eLK-CoDNM